Loading...
Hand book of meteorological instruments V.1 measurement of atmosopehric pressure
| Main Author: | |
|---|---|
| Format: | Printed Book |
| Language: | Undetermined English |
| Subjects: |
| LEADER | 00589nam a2200157Ia 4500 | ||
|---|---|---|---|
| 008 | 140306s9999 xx 000 0 und d | ||
| 041 | |a eng | ||
| 082 | |a 551 |b HER/HA | ||
| 100 | |a Her majestry stationery, Office | ||
| 245 | |a Hand book of meteorological instruments V.1 measurement of atmosopehric pressure | ||
| 400 | |b Her Majesty`s Stationary Office | ||
| 650 | |a Meteorology | ||
| 650 | |a Weather forecasting | ||
| 942 | |2 ddc |c BK | ||
| 999 | |c 109055 |d 109055 | ||
| 952 | |0 0 |1 0 |2 ddc |4 0 |6 551_000000000000000_HERHA |7 0 |9 106441 |a KAUHCV |b KAUHCV |d 2004-03-23 |o 551 HER/HA |p KAU_HCV-19457 |r 2014-03-22 |w 2014-03-22 |y BK | ||